South-Western century 21 accounting : general journal
| Other Authors: | Ross, Kenton E |
|---|---|
| Published: |
Cincinnati:
South-Western Educational Pub.,
2000.
|
| Subjects: |
| LEADER | 00575cam a2200169 7i4500 | ||
|---|---|---|---|
| 001 | 0000008581 | ||
| 005 | 20170218090000.0 | ||
| 020 | |a 053867671X (hbk.) | ||
| 020 | |a 9780538676717 | ||
| 090 | 0 | 0 | |a HF5635 |b .S23 2000 |
| 245 | 0 | 0 | |a South-Western century 21 accounting : |b general journal |c Kenton E. Ross...[et al.]. |
| 260 | |a Cincinnati: |b South-Western Educational Pub., |c 2000. | ||
| 300 | |a xvii, 691 p.: |b col. ill; |c 28cm. | ||
| 650 | 0 | 0 | |a Accounting |
| 700 | 1 | |a Ross, Kenton E | |
| 997 | |a Business & Accountancy, Faculty | ||
| 999 | |a 0000001893 |b BOK |c OPEN SHELF |e 1st Floor, Shah Alam | ||


